Every Country without a letter - A - Statistics

General Stats
  • This quiz has been taken 737 times
  • The average score is 24 of 30
Answer Stats
Hint Answer % Correct
Y Yemen
96%
F Fiji
95%
K Kosovo
89%
L Luxembourg
89%
U United Kingdom
89%
B Belgium
88%
L Liechtenstein
88%
S Sweden
87%
G Greece
86%
B Belize
85%
M Mexico
85%
P Peru
84%
T Togo
84%
B Benin
83%
D Djibouti
83%
B Brunei
79%
C Chile
79%
C Comoros
79%
E Egypt
79%
N Niger
79%
B Burundi
77%
L Lesotho
77%
T Turkey
77%
M Morocco
76%
C Cyprus
75%
M Montenegro
74%
P Philippines
73%
C Czech Republic
68%
R Republic of the Congo
68%
S Seychelles
68%
No matching quizzes found
Score Distribution
Percent of People with Each Score
Percentile by Number Answered
Your Score History
You have not taken this quiz